Charles Trenet / (Record no. 172517)

MARC details
000 -LEADER
campo de control de longitud fija 00640nam a2200217 i 4500
001 - NÚMERO DE CONTROL
campo de control 172517
003 - IDENTIFICADOR DE NÚMERO DE CONTROL
campo de control ES-MaACL
005 - FECHA Y HORA DE LA ÚLTIMA TRANSACCIÓN
campo de control 20230906214936.0
008 - DATOS DE LONGITUD FIJA--INFORMACIÓN GENERAL
campo de control de longitud fija 090714s1999 fr |||| | fre d
020 ## - NÚMERO INTERNACIONAL ESTÁNDAR DEL LIBRO
Número Internacional Estándar del Libro 2-277-30306-2
080 ## - NÚMERO DE LA CLASIFICACIÓN DECIMAL UNIVERSAL
Número de la Clasificación Decimal Universal 929 Trenet, Charles
100 1# - ENTRADA PRINCIPAL--NOMBRE DE PERSONA
Nombre de persona Bussy, Pascal.
9 (RLIN) 141078
245 10 - MENCIÓN DEL TÍTULO
Título Charles Trenet /
Mención de responsabilidad, etc. Pascal Bussy.
260 ## - PUBLICACIÓN, DISTRIBUCIÓN, ETC.
Lugar de publicación, distribución, etc. [Paris] :
Nombre del editor, distribuidor, etc. E. J. L.,
Fecha de publicación, distribución, etc. [1999]
300 ## - DESCRIPCIÓN FÍSICA
Extensión 87 p. ;
Dimensiones 21 cm.
490 1# - MENCIÓN DE SERIE
Mención de serie Librio musique
600 14 - PUNTO DE ACCESO ADICIONAL DE MATERIA--NOMBRE DE PERSONA
Nombre de persona Trenet, Charles.
9 (RLIN) 139345
830 0# - PUNTO DE ACCESO ADICIONAL DE SERIE-TÍTULO UNIFORME
Título uniforme Librio musique
9 (RLIN) 223348
852 ## - LOCALIZACIÓN
Ubicación ES-MaACL
Número de control de estantería E-12835
itemnumber R.139217
Nota libre .- Biblioteca Jacinto Martínez Lacalle
Holdings
Estatus retirado Estado de pérdida Estado de daño No para préstamo Biblioteca de origen Biblioteca actual Ubicación en estantería Fecha de adquisición Fuente de adquisición Total de préstamos Signatura topográfica completa Código de barras Visto por última vez Precio de reemplazo Tipo de ítem Koha
        Biblioteca del Ateneo de Madrid Biblioteca del Ateneo de Madrid Depósito 2 14/07/2009     E-12835 1181043 23/02/2023 23/02/2023 Libro impreso